[Event "NZL-ch Rapid 131st"]
[Site "Palmerston North"]
[Date "2024.01.12"]
[Round "8.7"]
[White "Hookings, Jonathon"]
[Black "Smith, Robert Wayne"]
[Result "0-1"]
[WhiteElo "1477"]
[BlackElo "2152"]
[PlyCount "52"]
[EventDate "2024.01.11"]
[EventType "swiss (rapid)"]
[EventRounds "9"]
[EventCountry "NZL"]
[SourceTitle "CB03_2024"]
[SourceDate "2024.01.17"]
[SourceVersion "1"]
[SourceVersionDate "2024.01.17"]
[SourceQuality "1"]

1. d4 Nf6 2. Nc3 d5 3. Bf4 c6 4. e3 Bf5 5. Nf3 e6 6. Ne5 Nbd7 7. g4 Nxe5 8. gxf5 Ned7 9. fxe6 fxe6 10. a3 Qe7 11. Qd2 e5 12. dxe5 Nxe5 13. 0-0-0 Ng6 14. Bh3 Qf7 15. Bg3 Be7 16. Rhe1 0-0 17. e4 dxe4 18. Nxe4 Qa2 19. Nc3 Qa1+ 20. Nb1 Rad8 21. Qc3 Kh8 22. Be6 Nd5 23. Bxd5 Bg5+ 24. Rd2 Rxd5 25. Red1 Rfd8 26. f4 Nxf4 0-1

[Event "NZL-ch op 131st"]
[Site "Palmerston North"]
[Date "2024.01.10"]
[Round "9.5"]
[White "Carpinter, Anthony Lawrence"]
[Black "Smith, Robert Wayne"]
[Result "1/2-1/2"]
[WhiteElo "2080"]
[BlackElo "2152"]
[PlyCount "118"]
[EventDate "2024.01.02"]
[EventType "swiss"]
[EventRounds "9"]
[EventCountry "NZL"]
[SourceTitle "CB03_2024"]
[SourceDate "2024.01.17"]
[SourceVersion "1"]
[SourceVersionDate "2024.01.17"]
[SourceQuality "1"]

1. Nf3 Nf6 2. e3 g6 3. b4 Bg7 4. Bb2 d6 5. d4 0-0 6. c4 a5 7. b5 Nbd7 8. Be2 e5 9. dxe5 Ng4 10. h3 Ngxe5 11. Nd4 Nc5 12. Nc3 Be6 13. Nxe6 fxe6 14. 0-0 Qh4 15. f4 Ned7 16. Qe1 Qe7 17. Qd2 a4 18. Rad1 a3 19. Ba1 Na4 20. Qc2 Nxc3 21. Bxc3 Bxc3 22. Qxc3 Qg7 23. Qd4 Ra4 24. Rb1 Qxd4 25. exd4 Nb6 26. c5 Nd5 27. Bg4 Rxd4 28. Bxe6+ Kg7 29. cxd6 cxd6 30. Bxd5 Rxd5 31. Rf3 Rd2 32. Rxa3 Rxf4 33. Ra7 Rff2 34. Rxb7+ Kh6 35. Ra7 Rxg2+ 36. Kh1 Rh2+ 37. Kg1 Rdg2+ 38. Kf1 Rxa2 39. Rxa2 Rxa2 40. b6 Ra8 41. Ke2 Kg5 42. Kd3 Kf6 43. Kc4 Ke6 44. Kb5 d5 45. Kc6 d4 46. b7 Rb8 47. Rb5 h6 48. Kc7 Rg8 49. b8Q Rxb8 50. Kxb8 d3 51. Kc7 d2 52. Rb1 g5 53. Rd1 h5 54. Rxd2 Ke5 55. Rf2 g4 56. h4 Ke4 57. Rf6 g3 58. Rg6 Kf3 59. Rg5 g2 1/2-1/2

[Event "NZL-ch op 131st"]
[Site "Palmerston North"]
[Date "2024.01.02"]
[Round "1"]
[White "Smith, Robert Wayne"]
[Black "Lee, Miles"]
[Result "0-1"]
[WhiteElo "2152"]
[BlackElo "1968"]
[PlyCount "98"]
[EventDate "2024.01.02"]
[EventType "swiss"]
[EventRounds "9"]
[EventCountry "NZL"]
[SourceTitle "CB03_2024"]
[SourceDate "2024.01.17"]
[SourceVersion "1"]
[SourceVersionDate "2024.01.17"]
[SourceQuality "1"]

1. e4 c5 2. Nc3 Nc6 3. f4 g6 4. Nf3 Bg7 5. Bb5 Nd4 6. 0-0 Nxb5 7. Nxb5 d6 8. Nc3 Nf6 9. d3 0-0 10. Qe1 Nd7 11. f5 Ne5 12. Nxe5 dxe5 13. fxg6 hxg6 14. Qh4 Be6 15. Be3 Rc8 16. b3 b6 17. Rf3 f6 18. Qg3 Kf7 19. a4 Rh8 20. a5 Bh6 21. Bxh6 Qd4+ 22. Be3 Qxc3 23. Raf1 Rcg8 24. axb6 axb6 25. Qf2 Ke8 26. b4 Qxb4 27. Ra1 Kf7 28. h3 Ra8 29. Rf1 Ke8 30. Rxf6 exf6 31. Qxf6 Kd7 32. Qxe5 Rae8 33. c3 Qa4 34. Qg7+ Kc6 35. Rf6 Qd1+ 36. Kh2 Qxd3 37. Rxe6+ Rxe6 38. Qxh8 Qxe4 39. Qc8+ Kb5 40. Qd7+ Kc4 41. Bd2 Qe5+ 42. Kh1 b5 43. Qa7 Kd3 44. Bh6 Qe1+ 45. Kh2 Qe5+ 46. Kh1 Rd6 47. Qa1 Qe2 48. Bg7 Kc4 49. Qa7 Qf1+ 0-1

[Event "Auckland Wade Masters"]
[Site "Auckland"]
[Date "2023.01.15"]
[Round "2"]
[White "Hague, Ben"]
[Black "Smith, Robert Wayne"]
[Result "1/2-1/2"]
[WhiteElo "2381"]
[BlackElo "2130"]
[PlyCount "102"]
[EventDate "2023.01.14"]
[EventType "tourn"]
[EventRounds "9"]
[EventCountry "NZL"]
[SourceTitle "CBM 212 Extra"]
[Source "ChessBase"]
[SourceDate "2023.03.31"]
[SourceVersion "1"]
[SourceVersionDate "2023.03.31"]
[SourceQuality "1"]

1. e4 c5 2. Nf3 g6 3. d4 cxd4 4. Nxd4 Nc6 5. c4 Nf6 6. Nc3 d6 7. Be2 Nxd4 8. Qxd4 Bg7 9. Bg5 0-0 10. Qd2 Be6 11. Rc1 Qa5 12. f3 Rfc8 13. b3 a6 14. Na4 Qxd2+ 15. Kxd2 Rc6 16. h4 h5 17. Nc3 Rc7 18. a4 Nd7 19. Rhe1 Nc5 20. Bd1 Kf8 21. Nd5 Bxd5 22. exd5 a5 23. g4 hxg4 24. fxg4 Bf6 25. Bh6+ Kg8 26. Rh1 e6 27. dxe6 Nxe6 28. Bc2 Nd4 29. Rcf1 Bg7 30. Bf4 Re8 31. Bd1 Be5 32. h5 Ne6 33. Be3 Nc5 34. Bc2 Bc3+ 35. Kxc3 Rxe3+ 36. Kb2 Kg7 37. Rd1 Rc6 38. Rdf1 Rc7 39. Rh4 Rce7 40. hxg6 fxg6 41. Rfh1 Kf6 42. Rd1 Kg5 43. Rh8 R7e6 44. Rd4 Rg3 45. Rd8 Rxg4 46. R4xd6 Rxd6 47. Rxd6 Kh6 48. Rd5 Rg5 49. Rd4 Rg2 50. Rd5 Rg5 51. Rd4 Rg2 1/2-1/2

[Event "NZL-ch op-A 130th"]
[Site "Wellington"]
[Date "2023.01.06"]
[Round "5"]
[White "Cilia Vincenti, David"]
[Black "Smith, Robert Wayne"]
[Result "1/2-1/2"]
[WhiteElo "1965"]
[BlackElo "2130"]
[PlyCount "142"]
[EventDate "2023.01.02"]
[EventType "swiss"]
[EventRounds "9"]
[EventCountry "NZL"]
[SourceTitle "CBM 212 Extra"]
[Source "ChessBase"]
[SourceDate "2023.03.31"]
[SourceVersion "1"]
[SourceVersionDate "2023.03.31"]
[SourceQuality "1"]

1. c4 Nf6 2. Nc3 g6 3. e4 d6 4. d4 Bg7 5. h3 0-0 6. Be3 c5 7. d5 e6 8. Nf3 exd5 9. exd5 Re8 10. Bd3 Na6 11. 0-0 Nc7 12. a4 b6 13. Qd2 Qe7 14. Bh6 Bd7 15. Bxg7 Kxg7 16. Rae1 Qf8 17. Ng5 Rxe1 18. Rxe1 Re8 19. b3 h6 20. Nge4 Nxe4 21. Rxe4 Rxe4 22. Nxe4 Bf5 23. Qc3+ f6 24. g4 Bxe4 25. Bxe4 Qe8 26. Qd3 Na6 27. f3 Nb8 28. Kg2 a5 29. h4 Nd7 30. f4 Nf8 31. Kf3 Nd7 32. Qc3 Kg8 33. Bc2 Kg7 34. Qd3 Nf8 35. g5 hxg5 36. hxg5 Qe7 37. Qc3 Kf7 38. gxf6 Qxf6 39. Qxf6+ Kxf6 40. Kg4 Nh7 41. Bd3 Kg7 42. Bb1 Kh6 43. Bd3 Nf6+ 44. Kh4 Nh7 45. Kg4 Kg7 46. Bc2 Kf6 47. Bd3 Nf8 48. Bc2 Nd7 49. Bd3 Nb8 50. Bc2 Na6 51. Bb1 Nb4 52. Kh4 Na6 53. Kg4 Nc7 54. Bd3 Ne8 55. Bc2 Ng7 56. Bd3 Ne8 57. Bc2 Nc7 58. Bd3 Na6 59. Bb1 Nb8 60. Bc2 Nd7 61. Bd3 Kg7 62. Kg5 Nf8 63. Kg4 Nh7 64. Bc2 Kh6 65. Bd3 Nf6+ 66. Kh4 Nh5 67. Kg4 Nf6+ 68. Kh4 Nh7 69. Kg4 Kg7 70. Bc2 Kf6 71. Bd3 Kg7 1/2-1/2

[Event "NZL-ch op-A 130th"]
[Site "Wellington"]
[Date "2023.01.04"]
[Round "3"]
[White "Croad, Nicholas"]
[Black "Smith, Robert Wayne"]
[Result "1/2-1/2"]
[WhiteElo "2218"]
[BlackElo "2130"]
[PlyCount "212"]
[EventDate "2023.01.02"]
[EventType "swiss"]
[EventRounds "9"]
[EventCountry "NZL"]
[SourceTitle "CBM 212 Extra"]
[Source "ChessBase"]
[SourceDate "2023.03.31"]
[SourceVersion "1"]
[SourceVersionDate "2023.03.31"]
[SourceQuality "1"]

1. d4 d5 2. c4 c6 3. Nf3 Nf6 4. e3 Bf5 5. Nc3 e6 6. Nh4 Bg6 7. Bd2 Nbd7 8. g3 Be7 9. Nxg6 hxg6 10. Qb3 Qb6 11. Qc2 0-0 12. c5 Qc7 13. Be2 b6 14. b4 bxc5 15. bxc5 e5 16. 0-0 Rfe8 17. Rab1 Rab8 18. Qa4 Rxb1 19. Rxb1 Rb8 20. Rb3 Rxb3 21. axb3 a5 22. Na2 Bd8 23. Kg2 Ne4 24. Be1 Nf8 25. f3 Ng5 26. b4 axb4 27. Nxb4 exd4 28. exd4 Qe7 29. Qd1 Qe6 30. h4 Ngh7 31. Bd3 Ba5 32. Nc2 Bxe1 33. Qxe1 Qxe1 34. Nxe1 Ne6 35. Nc2 Nf6 36. Ba6 Kf8 37. Kf2 Ke7 38. Bc8 Nd7 39. Ke3 Kd8 40. Ba6 Nf6 41. g4 g5 42. hxg5 Nxg5 43. Bd3 Kc7 44. Nb4 g6 45. Bc2 Nd7 46. Ba4 Nb8 47. Nd3 Nd7 48. Nf4 Nf8 49. Bc2 Nge6 50. Nd3 f6 51. f4 Nd7 52. Ne1 g5 53. fxg5 fxg5 54. Nf3 Ndf8 55. Bf5 Kb7 56. Kd2 Ka6 57. Kc3 Kb7 58. Kb4 Ka6 59. Ka4 Kb7 60. Ka5 Ka7 61. Bc2 Kb7 62. Bd3 Nd7 63. Bc2 Ka7 64. Kb4 Kb7 65. Bg6 Ndf8 66. Bf7 Ka7 67. Kc3 Kb7 68. Ne5 Kc7 69. Be8 Nd8 70. Kb4 Nfe6 71. Nf3 Kb7 72. Kc3 Kc7 73. Ne5 Nf8 74. Kd2 Nfe6 75. Ke3 Nf8 76. Nf3 Nfe6 77. Bg6 Kb7 78. Be8 Kc7 79. Nd2 Ng7 80. Bg6 Nge6 81. Nf1 Nf4 82. Bf5 Nf7 83. Nh2 Nd8 84. Nf3 Nfe6 85. Nd2 Nf4 86. Nb3 Nfe6 87. Kd2 Nf4 88. Kc3 Nfe6 89. Kb4 Kb7 90. Ka5 Ka7 91. Bg6 Nb7+ 92. Kb4 Kb8 93. Bf7 Nbd8 94. Bg6 Kc7 95. Ka5 Kb7 96. Be8 Ka7 97. Kb4 Kb7 98. Bd7 Kc7 99. Be8 Kb7 100. Kc3 Kc7 101. Nc1 Nf4 102. Kd2 Nde6 103. Nb3 Ng7 104. Bf7 Nge6 105. Ke3 Nd8 106. Be8 Nde6 1/2-1/2

[Event "Asian-ch Seniors 65"]
[Site "Auckland"]
[Date "2022.10.18"]
[Round "6"]
[White "Smith, Robert Wayne"]
[Black "Metge, J Nigel"]
[Result "1-0"]
[WhiteElo "2132"]
[BlackElo "1921"]
[PlyCount "68"]
[EventDate "2022.10.15"]
[EventType "swiss"]
[EventRounds "9"]
[EventCountry "NZL"]
[SourceTitle "EXT 2024"]
[Source "ChessBase"]
[SourceDate "2023.10.10"]
[SourceVersion "1"]
[SourceVersionDate "2023.10.10"]
[SourceQuality "1"]

1. e4 e6 2. Nf3 d5 3. e5 c5 4. b4 cxb4 5. d4 Nc6 6. a3 f5 7. axb4 Bxb4+ 8. c3 Bf8 9. Bd3 Bd7 10. g4 Qc7 11. gxf5 exf5 12. Ng5 Nh6 13. Nh3 Be6 14. Bxh6 gxh6 15. Nf4 Qf7 16. Nxe6 Qxe6 17. Qh5+ Qg6 18. Qxf5 Qg2 19. Qe6+ Be7 20. Rf1 Qxh2 21. Bb5 Qf4 22. Bxc6+ bxc6 23. Qxc6+ Kf7 24. Qxd5+ Kg6 25. Qe6+ Kh5 26. Qxe7 Qe4+ 27. Kd1 Qf3+ 28. Kc1 Rhc8 29. Ra3 Rab8 30. Qxh7 Rb7 31. Qc2 Rcb8 32. Nd2 Qf4 33. Ra1 Rb2 34. Qd3 Ra8 1-0

[Event "Asian-ch Seniors 65"]
[Site "Auckland"]
[Date "2022.10.17"]
[Round "4"]
[White "Smith, Robert Wayne"]
[Black "Bagamasbad, Efren"]
[Result "0-1"]
[WhiteElo "2132"]
[BlackElo "2014"]
[PlyCount "110"]
[EventDate "2022.10.15"]
[EventType "swiss"]
[EventRounds "9"]
[EventCountry "NZL"]
[SourceTitle "EXT 2024"]
[Source "ChessBase"]
[SourceDate "2023.10.10"]
[SourceVersion "1"]
[SourceVersionDate "2023.10.10"]
[SourceQuality "1"]

1. e4 e6 2. d4 d5 3. Nc3 Nf6 4. Bg5 Bb4 5. exd5 Qxd5 6. Bxf6 Bxc3+ 7. bxc3 gxf6 8. Nf3 b6 9. c4 Qa5+ 10. Qd2 Qxd2+ 11. Kxd2 Bb7 12. Be2 Nc6 13. Kc3 0-0-0 14. Rhd1 Ne7 15. Kb2 c5 16. c3 Kc7 17. a4 Nc6 18. a5 Nxa5 19. dxc5 Rxd1 20. cxb6+ axb6 21. Rxd1 Bxf3 22. Bxf3 Nxc4+ 23. Kb3 Na5+ 24. Kc2 f5 25. Bh5 Rf8 26. Rd3 Nc4 27. Rg3 Nd6 28. Rg7 Kd7 29. Rxh7 Ke7 30. Bf3 e5 31. Bd5 Rc8 32. Kb3 b5 33. Kb4 e4 34. Rh6 f4 35. Rh4 Kf6 36. g3 Ke5 37. Bb3 f3 38. Bc2 Rc4+ 39. Kb3 f5 40. Rh7 Kf6 41. Ra7 Rc5 42. Ra6 Ke5 43. h4 Rd5 44. Ra1 Rd2 45. Rf1 Nf7 46. Kb2 Nh6 47. Kc1 Rd6 48. h5 Ng4 49. Rd1 Rh6 50. Bb3 Nxf2 51. Rd5+ Kf6 52. Rxb5 Rxh5 53. Rb6+ Kg5 54. Re6 Rh1+ 55. Kd2 Ng4 0-1

[Event "NZL-ch Seniors Spiller Memorial"]
[Site "Howick"]
[Date "2022.08.19"]
[Round "3"]
[White "Smith, Robert Wayne"]
[Black "McLaren, Leonard"]
[Result "1/2-1/2"]
[WhiteElo "2125"]
[BlackElo "2090"]
[PlyCount "70"]
[EventDate "2022.08.18"]
[EventType "swiss"]
[EventRounds "6"]
[EventCountry "NZL"]
[SourceTitle "EXT 2024"]
[Source "ChessBase"]
[SourceDate "2023.10.10"]
[SourceVersion "1"]
[SourceVersionDate "2023.10.10"]
[SourceQuality "1"]

1. d4 Nf6 2. c4 e6 3. Nc3 Bb4 4. Qc2 Nc6 5. Nf3 d6 6. Bd2 0-0 7. a3 Bxc3 8. Bxc3 Qe7 9. b4 e5 10. dxe5 Nxe5 11. e3 Re8 12. Be2 Bd7 13. Nxe5 dxe5 14. Bf3 c6 15. 0-0 Bg4 16. Bxg4 Nxg4 17. Qf5 Qh4 18. h3 Nh6 19. Qd3 Rad8 20. Qe2 Nf5 21. Rad1 Nd6 22. c5 Nb5 23. Bb2 Nc7 24. Rxd8 Qxd8 25. Rd1 Qe7 26. Qd3 f6 27. Qd7 Nd5 28. Qxe7 Rxe7 29. e4 Nc7 30. Rd8+ Kf7 31. Kf1 Re8 32. Rd7+ Re7 33. Rd8 Re8 34. Rd7+ Re7 35. Rd8 Re8 1/2-1/2

[Event "Henderson Trusts op-A 44th"]
[Site "Henderson"]
[Date "2022.06.06"]
[Round "6"]
[White "Smith, Robert Wayne"]
[Black "McLaren, Leonard"]
[Result "1-0"]
[WhiteElo "2106"]
[BlackElo "2116"]
[PlyCount "99"]
[EventDate "2022.06.04"]
[EventType "swiss"]
[EventRounds "6"]
[EventCountry "NZL"]
[SourceTitle "EXT 2024"]
[Source "ChessBase"]
[SourceDate "2023.10.10"]
[SourceVersion "1"]
[SourceVersionDate "2023.10.10"]
[SourceQuality "1"]

1. e4 c5 2. Nf3 a6 3. d3 b5 4. g3 g6 5. Bg2 Bg7 6. 0-0 Bb7 7. Re1 Nc6 8. a4 d6 9. c3 e5 10. axb5 axb5 11. Rxa8 Qxa8 12. Na3 Ba6 13. Qb3 Na5 14. Qa2 b4 15. cxb4 cxb4 16. Nc4 Nxc4 17. Qa4+ Ke7 18. dxc4 Nf6 19. c5 dxc5 20. Nxe5 Kf8 21. Be3 Qc8 22. Rc1 Nxe4 23. Bxc5+ Nxc5 24. Rxc5 Bxe5 25. Rxc8+ Bxc8 26. Qa5 Bf6 27. Qxb4+ Kg7 28. h4 h5 29. b3 Be6 30. Bf1 Ra8 31. Bc4 Ra1+ 32. Kg2 Bd7 33. Qb7 Rd1 34. Bd5 Be8 35. Kf3 Re1 36. Be4 Rd1 37. b4 Rd7 38. Qb8 Rd8 39. Qb6 Rd2 40. Ke3 Rb2 41. Bd5 Be7 42. Qc7 Bf6 43. Qc5 Ba4 44. Bc4 Rc2 45. Qd5 Be8 46. b5 Rb2 47. Qc5 Bd8 48. Qe5+ Bf6 49. Qxe8 Rb1 50. Qxf7+ 1-0

[Event "Henderson Trusts op-A 43rd"]
[Site "Henderson"]
[Date "2021.06.07"]
[Round "6"]
[White "Smith, Robert Wayne"]
[Black "Garbett, Paul Anthony"]
[Result "1/2-1/2"]
[WhiteElo "2114"]
[BlackElo "2239"]
[PlyCount "34"]
[EventDate "2021.06.05"]
[EventType "swiss"]
[EventRounds "6"]
[EventCountry "NZL"]
[SourceTitle "EXT 2024"]
[Source "ChessBase"]
[SourceDate "2023.10.10"]
[SourceVersion "1"]
[SourceVersionDate "2023.10.10"]
[SourceQuality "1"]

1. Nf3 d5 2. d4 Nf6 3. Bf4 e6 4. e3 Bd6 5. Nbd2 0-0 6. Bd3 b6 7. 0-0 Ba6 8. Bxa6 Nxa6 9. Bg5 Nb8 10. Ne5 Qe8 11. Bxf6 gxf6 12. Qh5 fxe5 13. Qg5+ Kh8 14. Qf6+ Kg8 15. Qg5+ Kh8 16. Qf6+ Kg8 17. Qg5+ Kh8 1/2-1/2

[Event "Auckland Waitangi op"]
[Site "Auckland"]
[Date "2021.02.08"]
[Round "5"]
[White "Lyall, Simon"]
[Black "Smith, Robert Wayne"]
[Result "0-1"]
[WhiteElo "1619"]
[BlackElo "2123"]
[PlyCount "62"]
[EventDate "2021.02.06"]
[EventType "swiss"]
[EventRounds "6"]
[EventCountry "NZL"]
[SourceTitle "EXT 2024"]
[Source "ChessBase"]
[SourceDate "2023.10.10"]
[SourceVersion "1"]
[SourceVersionDate "2023.10.10"]
[SourceQuality "1"]

1. e4 c5 2. c3 d5 3. exd5 Nf6 4. c4 e6 5. dxe6 Bxe6 6. Nf3 Nc6 7. Nc3 a6 8. Be2 Qc7 9. 0-0 0-0-0 10. a3 Bd6 11. g3 h5 12. Ng5 h4 13. Nxe6 fxe6 14. f4 hxg3 15. hxg3 Rh3 16. Kg2 Rdh8 17. d3 Rh2+ 18. Kf3 Nd4+ 19. Ke3 Nf5+ 20. Kd2 Nxg3 21. Rf3 Bxf4+ 22. Kc2 Be5 23. Rxg3 Bxg3 24. Kb3 Rh1 25. Qd2 R1h2 26. Qe3 Be5 27. Na4 Kb8 28. Bd1 R8h3 29. Qxc5 Rxd3+ 30. Ka2 Qxc5 31. Nxc5 Rxd1 0-1

[Event "NZL-ch Rapid"]
[Site "Palmerston North"]
[Date "2021.01.12"]
[Round "5"]
[White "Hart, Ralph"]
[Black "Smith, Robert Wayne"]
[Result "1-0"]
[WhiteElo "2148"]
[BlackElo "2190"]
[PlyCount "57"]
[EventDate "2021.01.11"]
[EventType "swiss (rapid)"]
[EventRounds "9"]
[EventCountry "NZL"]
[SourceTitle "EXT 2024"]
[Source "ChessBase"]
[SourceDate "2023.10.10"]
[SourceVersion "1"]
[SourceVersionDate "2023.10.10"]
[SourceQuality "1"]

1. e4 c5 2. Nc3 a6 3. g4 Nc6 4. Bg2 g6 5. Nge2 Bg7 6. d3 d6 7. Ng3 Nf6 8. g5 Nd7 9. h4 h5 10. gxh6 Bxh6 11. Bxh6 Rxh6 12. Qd2 Rh8 13. 0-0-0 Nf6 14. h5 Nxh5 15. Bf3 Be6 16. Bxh5 gxh5 17. Nxh5 Kd7 18. Nd5 Bxd5 19. exd5 Nb4 20. d4 Nxa2+ 21. Kb1 Nb4 22. c3 Nxd5 23. dxc5 Nc7 24. cxd6 Ne6 25. Qd5 Qb6 26. dxe7+ Kxe7 27. Qe5 Rh7 28. Qf6+ Ke8 29. Ng7+ 1-0

[Event "NZL-ch Rapid"]
[Site "Palmerston North"]
[Date "2021.01.11"]
[Round "4"]
[White "Smith, Robert Wayne"]
[Black "Hague, Ben"]
[Result "1/2-1/2"]
[WhiteElo "2190"]
[BlackElo "2329"]
[PlyCount "122"]
[EventDate "2021.01.11"]
[EventType "swiss (rapid)"]
[EventRounds "9"]
[EventCountry "NZL"]
[SourceTitle "EXT 2024"]
[Source "ChessBase"]
[SourceDate "2023.10.10"]
[SourceVersion "1"]
[SourceVersionDate "2023.10.10"]
[SourceQuality "1"]

1. e4 c5 2. Nf3 Nc6 3. d4 cxd4 4. Nxd4 Nf6 5. Nc3 e5 6. Ndb5 d6 7. Nd5 Nxd5 8. exd5 Nb8 9. a4 Be7 10. Bd2 a6 11. Na3 0-0 12. a5 b5 13. axb6 Qxb6 14. Nc4 Qb7 15. Be2 Nd7 16. Be3 f5 17. f4 Nf6 18. Nb6 exf4 19. Bd4 Ra7 20. Nxc8 Rxc8 21. Bxa7 Qxa7 22. Rxa6 Qc5 23. Rc6 Rxc6 24. dxc6 Ne4 25. Qd3 Bh4+ 26. g3 fxg3 27. Qb3+ Kf8 28. hxg3 Bxg3+ 29. Kd1 Qxc6 30. Rxh7 d5 31. Rh8+ Kf7 32. Qb5 Qd6 33. Qe8+ Kf6 34. Qf8+ Qxf8 35. Rxf8+ Ke5 36. Rg8 g5 37. b4 Kd4 38. Bd3 Nc3+ 39. Kd2 Bd6 40. b5 Bb4 41. b6 Na4+ 42. Ke2 Nxb6 43. Rxg5 f4 44. Rf5 Bd6 45. Rf6 Ke5 46. Rg6 Na4 47. Kf3 Nc5 48. Rg5+ Kd4 49. Rg6 Bb8 50. Rg8 Be5 51. Bg6 Ne4 52. Rd8 Nd2+ 53. Ke2 Ne4 54. Bf7 Nc3+ 55. Kf3 Bc7 56. Rd7 Be5 57. Rd8 Bc7 58. Rd7 Be5 59. Rd8 Bc7 60. Rd7 Be5 61. Rd8 Bc7 1/2-1/2

[Event "NZL-ch op 128th"]
[Site "Palmerston North"]
[Date "2021.01.07"]
[Round "6"]
[White "Smith, Robert Wayne"]
[Black "Hague, Ben"]
[Result "0-1"]
[WhiteElo "2114"]
[BlackElo "2397"]
[PlyCount "103"]
[EventDate "2021.01.02"]
[EventType "swiss"]
[EventRounds "9"]
[EventCountry "NZL"]
[SourceTitle "CBM 200 Extra"]
[Source "ChessBase"]
[SourceDate "2021.03.31"]
[SourceVersion "1"]
[SourceVersionDate "2021.03.31"]
[SourceQuality "1"]

1. e4 c5 2. Nf3 Nc6 3. d4 cxd4 4. Nxd4 Nf6 5. Nc3 e5 6. Ndb5 d6 7. Nd5 Nxd5 8. exd5 Nb8 9. a4 Be7 10. Bd2 a6 11. Na3 b6 12. Nc4 a5 13. Be2 0-0 14. 0-0 f5 15. f4 e4 16. Be3 Nd7 17. c3 Qc7 18. Na3 Bb7 19. Nb5 Qc8 20. Qb3 Ba6 21. Rfd1 Qd8 22. Qa2 Nf6 23. h3 Bxb5 24. axb5 Nd7 25. Kh2 Kh8 26. Qb1 Bf6 27. Ra4 g5 28. g3 gxf4 29. gxf4 Rg8 30. Rc4 Nc5 31. b4 axb4 32. cxb4 Nd7 33. Rc6 Ne5 34. Qc2 Ra3 35. Qd2 Nxc6 36. bxc6 Qe7 37. Rg1 Rxg1 38. Kxg1 Qg7+ 39. Kh2 Kg8 40. Bf1 Bd8 41. Qf2 Qa7 42. Qg1+ Kf8 43. h4 Qe7 44. Qf2 Qa7 45. Qg1 Ra2+ 46. Kh1 Qe7 47. Qg3 Qf7 48. Bd4 Rd2 49. Bc3 Rxd5 50. Bc4 Rd1+ 51. Kg2 Qg6 52. Be2 0-1

[Event "NZL-ch op 128th"]
[Site "Palmerston North"]
[Date "2021.01.02"]
[Round "1"]
[White "Smith, Robert Wayne"]
[Black "Ning, Isabelle Yixuan"]
[Result "1-0"]
[WhiteElo "2114"]
[BlackElo "1671"]
[PlyCount "75"]
[EventDate "2021.01.02"]
[EventType "swiss"]
[EventRounds "9"]
[EventCountry "NZL"]
[SourceTitle "CBM 200 Extra"]
[Source "ChessBase"]
[SourceDate "2021.03.31"]
[SourceVersion "1"]
[SourceVersionDate "2021.03.31"]
[SourceQuality "1"]

1. e4 c5 2. Nc3 Nc6 3. f4 e6 4. Nf3 g6 5. Bb5 Bg7 6. Bxc6 bxc6 7. d3 Ne7 8. 0-0 0-0 9. Qe1 d5 10. Qf2 c4 11. dxc4 Ba6 12. Be3 Bxc4 13. Rfd1 Qc7 14. Bc5 dxe4 15. Bd6 Qb7 16. Nxe4 Rfe8 17. Be5 Red8 18. Bxg7 Kxg7 19. Nd6 Rxd6 20. Rxd6 Nf5 21. Rdd1 Qxb2 22. Ne5 Bd5 23. c4 Qxf2+ 24. Kxf2 Bxg2 25. Kxg2 Ne3+ 26. Kg3 Nxd1 27. Rxd1 c5 28. Rd7 a6 29. Rxf7+ Kg8 30. Rc7 Rb8 31. Rxc5 Rb2 32. Ra5 Kf8 33. Rxa6 Ke7 34. Ra7+ Kd6 35. Rd7+ Kc5 36. Nd3+ Kc6 37. Nxb2 Kxd7 38. Nd3 1-0

[Event "NZL-ch Seniors"]
[Site "Auckland"]
[Date "2020.11.27"]
[Round "3"]
[White "Kerr, Grant"]
[Black "Smith, Robert Wayne"]
[Result "0-1"]
[WhiteElo "1827"]
[BlackElo "2148"]
[PlyCount "78"]
[EventDate "2020.11.26"]
[EventType "swiss"]
[EventRounds "6"]
[EventCountry "NZL"]
[SourceTitle "EXT 2024"]
[Source "ChessBase"]
[SourceDate "2023.10.10"]
[SourceVersion "1"]
[SourceVersionDate "2023.10.10"]
[SourceQuality "1"]

1. e4 c5 2. d4 cxd4 3. c3 Nf6 4. e5 Nd5 5. Bc4 Qc7 6. Qe2 Nb6 7. Bb3 Nc6 8. Nf3 e6 9. Bf4 d6 10. cxd4 dxe5 11. dxe5 Bb4+ 12. Nbd2 h6 13. h4 Nd7 14. Rc1 Qa5 15. 0-0 Ndxe5 16. Nxe5 Nxe5 17. Bxe5 Bxd2 18. Rcd1 Bb4 19. Bxg7 Rg8 20. Bf6 Be7 21. Bxe7 Kxe7 22. Qe4 Rd8 23. Rxd8 Qxd8 24. Rd1 Qa5 25. Rd5 Qb6 26. Rh5 Bd7 27. Rxh6 Rc8 28. Qf4 Rg8 29. Qf6+ Ke8 30. Rh8 Rxh8 31. Qxh8+ Ke7 32. Qe5 f6 33. Qe3 Qa5 34. g4 e5 35. g5 fxg5 36. Qxg5+ Kd6 37. Qe3 Bc6 38. h5 Qb4 39. Qg3 Qe1+ 0-1

[Event "South Island-ch"]
[Site "Hanmer Springs"]
[Date "2019.10.09"]
[Round "8"]
[White "Smith, Robert Wayne"]
[Black "Steadman, Michael VR"]
[Result "1/2-1/2"]
[WhiteElo "2183"]
[BlackElo "2199"]
[PlyCount "129"]
[EventDate "2019.10.05"]
[EventType "swiss"]
[EventRounds "9"]
[EventCountry "NZL"]
[SourceTitle "EXT 2023"]
[Source "ChessBase"]
[SourceDate "2022.10.05"]
[SourceVersion "1"]
[SourceVersionDate "2022.10.05"]
[SourceQuality "1"]

1. e4 e6 2. d4 d5 3. Nd2 dxe4 4. Nxe4 Nf6 5. Bg5 Be7 6. Bxf6 gxf6 7. Qd2 a6 8. 0-0-0 f5 9. Nc3 b5 10. Nf3 Bb7 11. Qe3 Qd6 12. Bd3 Nd7 13. Rhe1 Rg8 14. g3 b4 15. Nb1 c5 16. dxc5 Qxc5 17. Nd4 Rc8 18. Nd2 Nf6 19. N2b3 Qc7 20. Nxe6 fxe6 21. Qxe6 Be4 22. Nd4 Bxd3 23. Rxd3 Rg6 24. Rde3 Ng8 25. Qxf5 Qc5 26. Re5 Qc4 27. Qe4 Rc7 28. Kb1 Rd6 29. Nf5 Rdd7 30. Qxc4 Rxc4 31. b3 Rc6 32. Nxe7 Rxe7 33. Rxe7+ Nxe7 34. Re4 Rb6 35. Kb2 Kf7 36. a3 a5 37. axb4 axb4 38. c3 bxc3+ 39. Kxc3 Rh6 40. h4 Rc6+ 41. Kd2 Rb6 42. Kc3 Rc6+ 43. Kb2 Nd5 44. Rd4 Ke6 45. f3 Nf6 46. g4 Ke5 47. Ra4 Nd5 48. Re4+ Kf6 49. b4 Nb6 50. Rf4+ Ke5 51. Re4+ Kd5 52. Rf4 Nc4+ 53. Kb3 Nd6 54. Rf8 Rc1 55. Rh8 Rf1 56. Rxh7 Rxf3+ 57. Kc2 Rf4 58. Rg7 Rxb4 59. h5 Ne8 60. Rg5+ Ke6 61. h6 Rb7 62. Rg8 Nd6 63. g5 Nf5 64. Rg6+ Ke5 65. Rf6 1/2-1/2